000
00340nam a2200133Ia 4500
008
240624s9999 xx 000 0 und d
041
_a
eng
082
_a
658.4063 SET
100
_a
SETHI VIKRAM
245
_a
ORGANIZATIONAL TRANSFORMATION THROUGH BUSINES
260
_c
2003
_a
New Delhi
_b
Pearson Education
300
_a
xi, : 575
365
_c
RS
999
_c
530
_d
530